[Event "33rd World U20 ch"]
[Site "Matinhos BRA"]
[Date "1994.09.??"]
[Round "1"]
[White "Gabriel, Christian"]
[Black "Leitao, Rafael"]
[Result "1/2-1/2"]
[WhiteElo "2545"]
[BlackElo "2335"]
[EventDate "1994.09.03"]
[PlyCount "100"]

1.c4 Nf6 2.Nc3 g6 3.e4 d6 4.d4 Bg7 5.f4 O-O 6.Nf3 c5 7.dxc5 Qa5 8.Bd3 Qxc5
9.Qe2 Nc6 10.Be3 Qa5 11.O-O Bg4 12.Rac1 Nd7 13.Qf2 Bxf3 14.gxf3 Nc5 15.Bb1
Na4 16.Nd1 Rac8 17.a3 b5 18.b4 Qa6 19.Ba2 Nb6 20.cxb5 Qxb5 21.Nc3 Qa6 22.
Nb1 Rfd8 23.Rfd1 e6 24.Kh1 d5 25.f5 Ne5 26.fxe6 fxe6 27.Rxc8 Qxc8 28.Bxb6 
axb6 29.exd5 exd5 30.Qxb6 Kh8 31.Nd2 Rf8 32.Qc5 Qxc5 33.bxc5 Nd3 34.Kg2 
Nxc5 35.Bxd5 Rd8 36.Ne4 Ne6 37.Bb3 Nd4 38.Bc4 Rb8 39.Rd2 h6 40.h4 Kh7 41.
Ng3 Ra8 42.Bd3 h5 43.Nxh5 Rxa3 44.Nf4 Be5 45.Bxg6+ Kh6 46.Nd3 Nxf3 47.Kxf3
Kxg6 48.Ke4 Ra4+ 49.Kxe5 Rxh4 50.Nf4+ Kf7 1/2-1/2

[Event "33rd World U20 ch"]
[Site "Matinhos BRA"]
[Date "1994.09.??"]
[Round "1"]
[White "Oratovsky, Michael"]
[Black "Milanovic, Danilo"]
[Result "1-0"]
[WhiteElo "2520"]
[BlackElo "2325"]
[EventDate "1994.09.03"]
[PlyCount "85"]

1.e4 c5 2.Nf3 Nc6 3.Bb5 e6 4.Bxc6 bxc6 5.d3 Ne7 6.O-O Ng6 7.Ng5 h6 8.Nh3 
e5 9.f4 exf4 10.Nxf4 Nxf4 11.Bxf4 d6 12.Nc3 Be7 13.Kh1 O-O 14.Qh5 Bg5 15.
e5 Bxf4 16.Rxf4 Qg5 17.Qxg5 hxg5 18.Re4 d5 19.Ree1 Bf5 20.Rac1 Rab8 21.b3 
Rfe8 22.Na4 c4 23.Nc5 c3 24.d4 Rb4 25.Red1 Bg4 26.a3 Bxd1 27.axb4 Bg4 28.
Kg1 f6 29.h3 Bc8 30.exf6 gxf6 31.Kf2 Bf5 32.Ra1 Bxc2 33.Rc1 Bf5 34.Rxc3 
Rc8 35.Rf3 Bc2 36.Ke3 Kg7 37.Kd2 Bg6 38.Ne6+ Kf7 39.Nxg5+ Ke7 40.Re3+ Kd7 
41.Ne6 Bf5 42.Nc5+ Kd6 43.Rf3 1-0

[Event "33rd World U20 ch"]
[Site "Matinhos BRA"]
[Date "1994.09.??"]
[Round "1"]
[White "Kovacevic, Blazimir"]
[Black "Kumaran, Dharshan"]
[Result "0-1"]
[WhiteElo "2315"]
[BlackElo "2495"]
[EventDate "1994.09.03"]
[PlyCount "56"]

1.d4 Nf6 2.c4 c5 3.d5 b5 4.cxb5 a6 5.b6 Qxb6 6.Nc3 g6 7.a4 Bg7 8.a5 Qb4 9.
Ra4 Qb7 10.e4 d6 11.Be2 Bd7 12.Ra3 Qb4 13.Qc2 Nxe4 14.Nf3 O-O 15.O-O Nf6 
16.Rd1 Bf5 17.Bd3 Bxd3 18.Rxd3 Nbd7 19.Ra4 Qb7 20.Ng5 Ne5 21.Rh3 c4 22.Bf4
Nd3 23.Rxc4 Nxf4 24.Rxf4 h6 25.Nf3 Nxd5 26.Qe4 e6 27.Nd2 Qxb2 28.Nxd5 exd5
0-1

[Event "33rd World U20 ch"]
[Site "Matinhos BRA"]
[Date "1994.09.??"]
[Round "1"]
[White "Nalbandian, Tigran"]
[Black "Dos Santos, Ramiro"]
[Result "0-1"]
[WhiteElo "2455"]
[BlackElo "2315"]
[EventDate "1994.09.03"]
[PlyCount "90"]

1.Nf3 Nf6 2.g3 c5 3.Bg2 g6 4.O-O Bg7 5.c4 d5 6.d3 O-O 7.Nc3 Nc6 8.cxd5 
Nxd5 9.Bd2 b6 10.Nxd5 Qxd5 11.Ng5 Qd7 12.Qb3 Nd4 13.Qd1 Bb7 14.Ne4 Rad8 
15.Rc1 f5 16.Nc3 Bxg2 17.Kxg2 e5 18.Bg5 Rde8 19.Be3 Rd8 20.f3 Kh8 21.Rf2 
a6 22.Qa4 Qb7 23.Qc4 Rfe8 24.a4 b5 25.axb5 axb5 26.Qa2 c4 27.dxc4 Ra8 28.
Qb1 bxc4 29.Nd1 Qb4 30.Rc3 e4 31.Qc1 exf3+ 32.exf3 Nb3 33.Qc2 Bxc3 34.bxc3
Qd6 35.Nb2 Qd5 36.Re2 Kg8 37.Bh6 Nc5 38.Rd2 Qe6 39.Qd1 Ra2 40.Kh3 f4+ 41.
g4 Qe3 42.Rd6 Ne6 43.Rxe6 Qxe6 44.Qd4 Qf7 45.Nxc4 Ra7 0-1

[Event "33rd World U20 ch"]
[Site "Matinhos BRA"]
[Date "1994.09.??"]
[Round "1"]
[White "Goldgewicht, Lionel"]
[Black "Vescovi, Giovanni"]
[Result "0-1"]
[WhiteElo "2300"]
[BlackElo "2455"]
[EventDate "1994.09.03"]
[PlyCount "98"]

1.e4 c5 2.c3 d6 3.d4 Nf6 4.Bd3 Nc6 5.Nf3 Bg4 6.d5 Nb8 7.O-O Nbd7 8.Bf4 g6 
9.Nbd2 Bg7 10.h3 Bxf3 11.Nxf3 O-O 12.Qe2 Qc7 13.Rfe1 Rac8 14.Rad1 Ne5 15.
Bh2 c4 16.Bb1 Nxf3+ 17.Qxf3 Nd7 18.Qe2 b5 19.f4 b4 20.e5 bxc3 21.bxc3 Nb6 
22.Qf3 Rcd8 23.Kh1 Qb7 24.Be4 Qc7 25.Bc2 Qc5 26.exd6 Qxd6 27.f5 Qc5 28.Bg1
Qa3 29.Bd4 Rxd5 30.Bxg7 Rxd1 31.Qxd1 Kxg7 32.Qd4+ Kg8 33.Bb1 Qd6 34.Qxd6 
exd6 35.Re7 Nd5 36.Rxa7 Rb8 37.Be4 Nxc3 38.Bc6 gxf5 39.Ra3 Rb6 40.Bd7 Ne2 
41.Bxf5 d5 42.Re3 Nf4 43.Re8+ Kg7 44.Rd8 Rb5 45.Kh2 d4 46.Be4 d3 47.Kg3 
Ne6 48.Rd6 Re5 49.Kf3 c3 0-1

[Event "33rd World U20 ch"]
[Site "Matinhos BRA"]
[Date "1994.09.??"]
[Round "1"]
[White "Gretarsson, Helgi Ass"]
[Black "Cukier, Marcelo"]
[Result "1-0"]
[WhiteElo "2450"]
[BlackElo "2290"]
[EventDate "1994.09.03"]
[PlyCount "58"]

1.d4 d5 2.c4 e6 3.Nf3 c6 4.cxd5 exd5 5.Nc3 Nf6 6.Bg5 Be7 7.Qc2 Nbd7 8.e3 
O-O 9.Bd3 Re8 10.h3 Ne4 11.Bxe4 dxe4 12.Nxe4 Bxg5 13.Nexg5 Nf6 14.Ne5 Be6 
15.O-O Bd5 16.e4 Nxe4 17.Nxe4 f6 18.Nxf6+ Qxf6 19.f4 Rad8 20.Rad1 Rf8 21.
b3 Qd6 22.f5 Rde8 23.Rde1 Qb4 24.Qf2 Rd8 25.Ng4 a5 26.f6 h5 27.Re7 Bf7 28.
Nh6+ Kh7 29.Nxf7 gxf6 1-0

[Event "33rd World U20 ch"]
[Site "Matinhos BRA"]
[Date "1994.09.??"]
[Round "1"]
[White "Riegler, Primoz"]
[Black "Iordachescu, Viorel"]
[Result "1-0"]
[WhiteElo "2250"]
[BlackElo "2435"]
[EventDate "1994.09.03"]
[PlyCount "73"]

1.e4 g6 2.d4 Bg7 3.Nc3 c6 4.f4 d5 5.e5 Nh6 6.Be2 f6 7.Nf3 Bg4 8.O-O O-O 9.
Be3 Nf5 10.Bf2 e6 11.Qd2 fxe5 12.dxe5 Bxf3 13.Bxf3 Nd7 14.Ne2 Qe7 15.Rad1 
g5 16.g3 gxf4 17.gxf4 Bh6 18.Qc3 Kh8 19.Kh1 Rg8 20.Rg1 Qf7 21.Bg4 Rg6 22.
Qh3 Rag8 23.Bxf5 Qxf5 24.Qxf5 exf5 25.c4 Nf8 26.cxd5 cxd5 27.Rxd5 Ne6 28.
Rxg6 Rxg6 29.Be3 a6 30.a4 Kg8 31.Rd7 Rg7 32.Rxg7+ Nxg7 33.Kg2 Kf7 34.Kf3 
Ke6 35.b3 Kd5 36.Nd4 b6 37.h3 1-0

[Event "33rd World U20 ch"]
[Site "Matinhos BRA"]
[Date "1994.09.??"]
[Round "1"]
[White "Fancsy, Imre"]
[Black "Nordahl, Helge"]
[Result "1/2-1/2"]
[WhiteElo "2415"]
[BlackElo "2245"]
[EventDate "1994.09.03"]
[PlyCount "45"]

1.Nf3 d6 2.d4 Nf6 3.g3 g6 4.Bg2 Bg7 5.c4 O-O 6.Nc3 c5 7.O-O Nc6 8.dxc5 
dxc5 9.Be3 Be6 10.Qa4 Nd7 11.Rad1 Qc8 12.Nd5 Bxd5 13.cxd5 Nce5 14.Nxe5 
Bxe5 15.Rd2 Rb8 16.Rc1 b5 17.Qe4 Bf6 18.Bxc5 Nxc5 19.Qe3 Qa6 20.Rxc5 Qxa2 
21.b3 Qb1+ 22.Bf1 Rfc8 23.Rc6 1/2-1/2

[Event "33rd World U20 ch"]
[Site "Matinhos BRA"]
[Date "1994.09.??"]
[Round "1"]
[White "Waitzkin, Joshua"]
[Black "Vitor, Antonio"]
[Result "1/2-1/2"]
[WhiteElo "2415"]
[BlackElo "2195"]
[EventDate "1994.09.03"]
[PlyCount "37"]

1.e4 d5 2.exd5 Nf6 3.d4 Bg4 4.Be2 Bxe2 5.Qxe2 Qxd5 6.Nf3 e6 7.O-O Bd6 8.
Bg5 Qf5 9.Bxf6 gxf6 10.Nc3 Nd7 11.d5 Ne5 12.dxe6 Nxf3+ 13.Qxf3 Qxf3 14.
exf7+ Kxf7 15.gxf3 Rhg8+ 16.Kh1 f5 17.Ne2 Rae8 18.Ng3 Bxg3 19.fxg3 1/2-1/2

[Event "33rd World U20 ch"]
[Site "Matinhos BRA"]
[Date "1994.09.??"]
[Round "1"]
[White "Meldrum, Andrew"]
[Black "Jaracz, Pawel"]
[Result "0-1"]
[WhiteElo "2120"]
[BlackElo "2415"]
[EventDate "1994.09.03"]
[PlyCount "104"]

1.d4 Nf6 2.Nf3 e6 3.Nbd2 c5 4.e3 b6 5.Bd3 Bb7 6.O-O Be7 7.c3 O-O 8.a3 d6 
9.Qe2 Nbd7 10.e4 e5 11.b4 exd4 12.cxd4 Re8 13.Bb2 Bf8 14.dxc5 bxc5 15.Rfe1
cxb4 16.Qd1 bxa3 17.Bxa3 Ne5 18.Bb5 Nxf3+ 19.Qxf3 Re5 20.Rab1 d5 21.Qg3 
Re6 22.e5 Nh5 23.Qf3 Qg5 24.Bxf8 Rxf8 25.Bd3 Qxd2 26.Qxh5 Rh6 27.Qg4 Ba8 
28.Rbd1 Qa5 29.Bf5 Re8 30.Qd4 Qb6 31.Qf4 a5 32.Rb1 Qa7 33.Ra1 Bc6 34.Qg4 
Kh8 35.Rec1 Rxe5 36.Bd3 Rhe6 37.Qf4 Qe7 38.Qd2 a4 39.h3 d4 40.Qb2 Qd6 41.
Bc4 Rg6 42.f3 Reg5 43.Rc2 Bxf3 44.Bf1 h5 45.Rxa4 d3 46.Rd2 Be2 47.Ra8+ Kh7
48.Qb8 Qc5+ 49.Kh2 Re6 50.Bxe2 dxe2 51.Qb1+ Qf5 52.Qe1 Qf4+ 0-1

[Event "33rd World U20 ch"]
[Site "Matinhos BRA"]
[Date "1994.09.??"]
[Round "1"]
[White "Votava, Jan"]
[Black "Dominguez Diaz, Mauricio"]
[Result "1-0"]
[WhiteElo "2410"]
[BlackElo "2085"]
[EventDate "1994.09.03"]
[PlyCount "85"]

1.e4 e5 2.Nf3 Nc6 3.Nc3 Nf6 4.Be2 Be7 5.O-O O-O 6.d4 exd4 7.Nxd4 Nxd4 8.
Qxd4 d6 9.Bf4 Be6 10.Rad1 Nd7 11.Nd5 Bxd5 12.Qxd5 Bf6 13.c3 Re8 14.Rfe1 
Qe7 15.Bb5 a6 16.Bxd7 Qxd7 17.Qxb7 Rab8 18.Qxa6 Rxb2 19.e5 Qe6 20.a4 g5 
21.h4 dxe5 22.Qxe6 Rxe6 23.Bxg5 Bxg5 24.hxg5 Ra2 25.Ra1 Rxa1 26.Rxa1 Kg7 
27.a5 Ra6 28.g3 Kg6 29.f4 Kf5 30.Ra4 f6 31.gxf6 Kxf6 32.fxe5+ Kxe5 33.Rh4 
h6 34.Rh5+ Ke4 35.Kg2 Kd3 36.Rc5 Ke4 37.Kh3 Kf3 38.Kh4 c6 39.Rf5+ Ke4 40.
Kg4 Kd3 41.Rc5 Ke4 42.Kh5 Kf3 43.Kxh6 1-0

[Event "33rd World U20 ch"]
[Site "Matinhos BRA"]
[Date "1994.09.??"]
[Round "1"]
[White "Russo, Guilherme"]
[Black "Barkhagen, Jonas"]
[Result "0-1"]
[WhiteElo "2010"]
[BlackElo "2400"]
[EventDate "1994.09.03"]
[PlyCount "64"]

1.d4 Nf6 2.c4 e6 3.Nf3 c5 4.d5 b5 5.Bg5 h6 6.Bxf6 Qxf6 7.Nc3 b4 8.Nb5 Na6 
9.e4 e5 10.g3 Bd6 11.Bg2 O-O 12.O-O Nc7 13.Nxd6 Qxd6 14.Ne1 Qg6 15.Nd3 d6 
16.f4 exf4 17.gxf4 Bg4 18.Qd2 Ne8 19.a3 b3 20.Rae1 Nf6 21.Kh1 Rfe8 22.e5 
Bf5 23.Nxc5 dxc5 24.exf6 Qxf6 25.Re5 Rxe5 26.fxe5 Qxe5 27.Qf2 g6 28.Qxc5 
Rc8 29.Qxa7 Rxc4 30.Qb6 Rc2 31.Qxb3 Be4 32.Bxe4 Qxh2# 0-1

[Event "33rd World U20 ch"]
[Site "Matinhos BRA"]
[Date "1994.09.??"]
[Round "2"]
[White "Spangenberg, Hugo"]
[Black "Georgiev, Vladimir"]
[Result "0-1"]
[WhiteElo "2530"]
[BlackElo "2400"]
[EventDate "1994.09.03"]
[PlyCount "82"]

1.e4 c5 2.Nf3 Nc6 3.Bb5 g6 4.O-O Bg7 5.c3 Nf6 6.Re1 O-O 7.d4 d5 8.exd5 
Qxd5 9.Qa4 Bd7 10.c4 Qf5 11.d5 Nb4 12.Na3 Bxb5 13.Qxb5 Ne4 14.Re2 b6 15.
Qa4 a6 16.Nc2 b5 17.Qb3 bxc4 18.Qxc4 Nd6 19.Qxc5 Nd3 20.Qa3 Nxc1 21.Rxc1 
Rfc8 22.Nfe1 Qxd5 23.Ne3 Qb5 24.Rcc2 Rab8 25.b3 Bd4 26.Nf3 Bxe3 27.fxe3 
Qd3 28.Rcd2 Qe4 29.Re1 Rc6 30.Qa5 Rb5 31.Qd8+ Kg7 32.Nd4 Rc1 33.Re2 Rxe1+ 
34.Rxe1 Rg5 35.g3 Rd5 36.Qb6 e5 37.Ne2 Rd2 38.a4 Nf5 39.Kf2 Rd6 40.Qc5 Rf6
41.Nc3 Nh4+ 0-1

[Event "33rd World U20 ch"]
[Site "Matinhos BRA"]
[Date "1994.09.??"]
[Round "2"]
[White "Barkhagen, Jonas"]
[Black "Oratovsky, Michael"]
[Result "0-1"]
[WhiteElo "2400"]
[BlackElo "2520"]
[EventDate "1994.09.03"]
[PlyCount "80"]

1.d4 d6 2.Nf3 g6 3.g3 Bg7 4.Bg2 Nd7 5.c4 e5 6.O-O Ngf6 7.Nc3 O-O 8.Bh3 c6 
9.e4 Qa5 10.d5 cxd5 11.cxd5 b5 12.Nd2 b4 13.Nb3 Qd8 14.Ne2 a5 15.a3 bxa3 
16.Rxa3 a4 17.Be3 Ba6 18.Nd2 Nh5 19.Rxa4 f5 20.exf5 gxf5 21.g4 f4 22.gxh5 
fxe3 23.fxe3 Qb6 24.Rxf8+ Rxf8 25.Nf1 Nc5 26.Rg4 Kh8 27.Neg3 Qxb2 28.Qd2 
Qb6 29.Rb4 Qa7 30.Qa2 Bh6 31.Rb1 Qg7 32.Kh1 Bd3 33.Rb6 Rg8 34.Qf2 Rf8 35.
Qd2 Qe7 36.Qb4 Rd8 37.Rc6 Rg8 38.Qc3 Qg5 39.Qe1 Bxf1 40.Bxf1 Ne4 0-1

[Event "33rd World U20 ch"]
[Site "Matinhos BRA"]
[Date "1994.09.??"]
[Round "2"]
[White "Dos Santos, Ramiro"]
[Black "Gabriel, Christian"]
[Result "0-1"]
[WhiteElo "2315"]
[BlackElo "2545"]
[EventDate "1994.09.03"]
[PlyCount "104"]

1.e4 c5 2.Nf3 d6 3.d4 cxd4 4.Nxd4 Nf6 5.Nc3 Nc6 6.Bg5 e6 7.Qd2 a6 8.O-O-O 
Bd7 9.Bxf6 Qxf6 10.Nxc6 Bxc6 11.f4 O-O-O 12.Qe3 g6 13.Kb1 Qe7 14.Bc4 Bg7 
15.Rhe1 Kb8 16.Ne2 Rc8 17.Bb3 Rc7 18.Nd4 Bd7 19.Qd2 Rhc8 20.Nf3 Bf8 21.Qd4
Bb5 22.Rd2 Rc5 23.Red1 Qc7 24.Qf6 a5 25.Nd4 Bc6 26.Nxc6+ Rxc6 27.f5 gxf5 
28.exf5 d5 29.Re2 Qf4 30.Qe5+ Qxe5 31.Rxe5 Bg7 32.Re2 b5 33.a4 bxa4 34.
Bxa4 Rb6 35.c3 Kc7 36.fxe6 fxe6 37.Rf1 Bxc3 38.Rc1 Kd8 39.Rf1 Bg7 40.Rf7 
Rc7 41.Rxc7 Kxc7 42.Rf2 Kd6 43.Be8 Bd4 44.Rd2 e5 45.Bh5 Rb4 46.Bf7 e4 47.
Bg8 h6 48.g4 a4 49.h4 a3 50.g5 hxg5 51.hxg5 axb2 52.g6 e3 0-1

[Event "33rd World U20 ch"]
[Site "Matinhos BRA"]
[Date "1994.09.??"]
[Round "2"]
[White "Al-Modiahki, Mohamad"]
[Black "Gretarsson, Helgi Ass"]
[Result "1-0"]
[WhiteElo "2370"]
[BlackElo "2450"]
[EventDate "1994.09.03"]
[PlyCount "127"]

1.e4 e5 2.Nf3 Nc6 3.Bb5 a6 4.Ba4 d6 5.c3 Bd7 6.O-O Nge7 7.d4 Ng6 8.Qe2 Be7
9.dxe5 dxe5 10.Rd1 O-O 11.Bxc6 bxc6 12.Be3 Qe8 13.Nbd2 f5 14.exf5 Bxf5 15.
h3 Kh8 16.Nc4 e4 17.Nd4 Bd7 18.Qc2 Bd6 19.Ne2 Qe6 20.Rd4 Rae8 21.Rad1 c5 
22.Rxd6 cxd6 23.Nxd6 Re7 24.Bxc5 Qxa2 25.Ba3 e3 26.f3 Be6 27.c4 Rb8 28.Nc1
Qa1 29.Ne4 Rd7 30.Nd3 Qa2 31.Nec5 Rxd3 32.Qxd3 Qxc4 33.Qxe3 Bf7 34.b3 Qf4 
35.Qxf4 Nxf4 36.Rd7 Bg8 37.Bb2 Nh5 38.Rd6 Rb5 39.Bd4 Nf6 40.Rxa6 Bxb3 41.
Nxb3 Rxb3 42.Bxf6 gxf6 43.Rxf6 Kg7 44.Rc6 Rb2 45.Kh2 h5 46.h4 Rb4 47.Kg3 
Ra4 48.Rc3 Kg6 49.Kh3 Kf5 50.g4+ Kf4 51.gxh5 Ra6 52.Rc7 Rf6 53.Kg2 Rf8 54.
h6 Kf5 55.h7 Kg6 56.Kg3 Ra8 57.Kg4 Rb8 58.f4 Ra8 59.f5+ Kh6 60.f6 Rf8 61.
Kf5 Rh8 62.f7 Kg7 63.Ke6 Rf8 64.Re7 1-0

[Event "33rd World U20 ch"]
[Site "Matinhos BRA"]
[Date "1994.09.??"]
[Round "2"]
[White "Vescovi, Giovanni"]
[Black "Szuhanek, Ranko"]
[Result "1-0"]
[WhiteElo "2455"]
[BlackElo "2350"]
[EventDate "1994.09.03"]
[PlyCount "53"]

1.e4 c5 2.Nf3 d6 3.d4 cxd4 4.Qxd4 Nc6 5.Bb5 Bd7 6.Bxc6 Bxc6 7.Nc3 Nf6 8.
Bg5 e6 9.O-O-O Be7 10.Rhe1 a6 11.Qd2 Qc7 12.Nd4 Rd8 13.f3 O-O 14.g4 b5 15.
h4 Bb7 16.Rg1 Qc4 17.Kb1 Rc8 18.Nce2 Rfd8 19.Ng3 g6 20.h5 e5 21.Ngf5 gxf5 
22.Bxf6 Bxf6 23.Qh6 fxe4 24.Nf5 Qe6 25.g5 Bh8 26.g6 fxg6 27.hxg6 1-0

[Event "33rd World U20 ch"]
[Site "Matinhos BRA"]
[Date "1994.09.??"]
[Round "2"]
[White "Del Rio Angelis, Salvador Gabriel"]
[Black "Relange, Eloi"]
[Result "0-1"]
[WhiteElo "2350"]
[BlackElo "2445"]
[EventDate "1994.09.03"]
[PlyCount "64"]

1.e4 c5 2.Nc3 d6 3.Nge2 Nc6 4.d4 cxd4 5.Nxd4 Nf6 6.g3 g6 7.Nde2 Bg7 8.Bg2 
O-O 9.O-O a6 10.h3 Rb8 11.a4 b5 12.axb5 axb5 13.Nd5 Nd7 14.Ra2 e6 15.Ne3 
Nc5 16.g4 Bb7 17.Ng3 Qc7 18.f4 Ra8 19.Rxa8 Rxa8 20.Qd2 Ra1 21.g5 Nd4 22.
Ng4 Nd7 23.c3 Nb3 24.Qc2 Nxc1 25.Rxc1 Rxc1+ 26.Qxc1 b4 27.f5 bxc3 28.f6 
Qb6+ 29.Kh2 Qxb2 30.Qd1 c2 31.Qxd6 c1=Q 32.Qxd7 Bf8 0-1

[Event "33rd World U20 ch"]
[Site "Matinhos BRA"]
[Date "1994.09.??"]
[Round "2"]
[White "Leitao, Rafael"]
[Black "Fancsy, Imre"]
[Result "1/2-1/2"]
[WhiteElo "2335"]
[BlackElo "2415"]
[EventDate "1994.09.03"]
[PlyCount "38"]

1.d4 d5 2.c4 e6 3.Nc3 Be7 4.cxd5 exd5 5.Bf4 Nf6 6.e3 O-O 7.Bd3 c5 8.dxc5 
Bxc5 9.Nf3 Nc6 10.O-O Bg4 11.Rc1 h6 12.h3 Be6 13.Nb5 Be7 14.Nbd4 Rc8 15.
Nf5 Qd7 16.Nxe7+ Qxe7 17.Bb1 Qb4 18.Qd2 Qb6 19.Nd4 Rfe8 1/2-1/2

[Event "33rd World U20 ch"]
[Site "Matinhos BRA"]
[Date "1994.09.??"]
[Round "2"]
[White "Pedersen, Steffen"]
[Black "Riegler, Primoz"]
[Result "1/2-1/2"]
[WhiteElo "2415"]
[BlackElo "2250"]
[EventDate "1994.09.03"]
[PlyCount "81"]

1.d4 Nf6 2.c4 g6 3.Nc3 Bg7 4.e4 d6 5.Be2 O-O 6.Nf3 e5 7.O-O Nc6 8.d5 Ne7 
9.Nd2 a5 10.Rb1 c5 11.a3 Bh6 12.b4 axb4 13.axb4 b6 14.bxc5 bxc5 15.Qc2 Ne8
16.Bb2 f5 17.Ra1 Rxa1 18.Rxa1 Nf6 19.Bd3 Bxd2 20.Qxd2 fxe4 21.Nxe4 Nxe4 
22.Bxe4 Bf5 23.Bf3 Qb6 24.Bc3 Nc8 25.Be2 Qb3 26.Qb2 Qxb2 27.Bxb2 Nb6 28.
Bc3 Rb8 29.g4 Bc8 30.Ra7 Rb7 31.Rxb7 Bxb7 32.Ba5 Nc8 33.h4 Kf7 34.Kg2 Ba6 
35.f4 exf4 36.Kf3 h6 37.Kxf4 Ne7 38.Ke4 Ng8 39.Bd2 Nf6+ 40.Kf3 Bc8 41.g5 
1/2-1/2

[Event "33rd World U20 ch"]
[Site "Matinhos BRA"]
[Date "1994.09.??"]
[Round "2"]
[White "Nordahl, Helge"]
[Black "Waitzkin, Joshua"]
[Result "0-1"]
[WhiteElo "2245"]
[BlackElo "2415"]
[EventDate "1994.09.03"]
[PlyCount "84"]

1.d4 Nf6 2.c4 c5 3.d5 b5 4.cxb5 a6 5.b6 e6 6.Nc3 Nxd5 7.Nxd5 exd5 8.Qxd5 
Nc6 9.Nf3 Rb8 10.Ne5 Qf6 11.Nxc6 dxc6 12.Qf3 Be7 13.e3 Qxf3 14.gxf3 Rxb6 
15.Bc4 Bf6 16.Rb1 Be6 17.Bxe6 fxe6 18.Ke2 Kf7 19.Bd2 Bxb2 20.Rhc1 Rb5 21.
Rc4 Bf6 22.Rxb5 axb5 23.Rxc5 Rc8 24.Rc2 c5 25.a3 Ke7 26.e4 Bd4 27.Be3 Bxe3
28.fxe3 c4 29.Rb2 Rc5 30.f4 Rh5 31.Kd1 Kd6 32.Rd2+ Kc5 33.Rd7 g6 34.Re7 
Rxh2 35.Rxe6 c3 36.f5 gxf5 37.exf5 Kc4 38.f6 c2+ 39.Kc1 Kb3 40.Rc6 Rh1+ 
41.Kd2 Rd1+ 42.Ke2 c1=Q 0-1

[Event "33rd World U20 ch"]
[Site "Matinhos BRA"]
[Date "1994.09.??"]
[Round "2"]
[White "Dias, Anderson Tatsch"]
[Black "Nalbandian, Tigran"]
[Result "0-1"]
[WhiteElo "2190"]
[BlackElo "2455"]
[EventDate "1994.09.03"]
[PlyCount "80"]

1.d4 d5 2.c4 c6 3.Nf3 Nf6 4.Nc3 e6 5.Bg5 h6 6.Bh4 dxc4 7.Bxf6 Qxf6 8.e3 b5
9.Be2 Bb4 10.Qc2 Nd7 11.O-O Bb7 12.a4 a6 13.b3 cxb3 14.Qxb3 Qe7 15.Rab1 
Bd6 16.Ne4 Bb8 17.Rfc1 O-O 18.Nc5 Nxc5 19.Rxc5 Bd6 20.Rc2 Rfb8 21.Rbc1 a5 
22.Qa2 Qf6 23.Qb3 Bc8 24.Rxc6 bxa4 25.Qa2 Qe7 26.Ne5 Bb7 27.R6c2 Bxe5 28.
dxe5 Qg5 29.Bf1 Bd5 30.Qa1 Qg4 31.Rc5 Qb4 32.R5c2 Bb3 33.Rc3 Rd8 34.h3 g6 
35.Bd3 Kg7 36.Qb1 Rd7 37.Rc7 Rad8 38.Rxd7 Rxd7 39.Bf1 Rd2 40.Qa1 a3 0-1

[Event "33rd World U20 ch"]
[Site "Matinhos BRA"]
[Date "1994.09.??"]
[Round "2"]
[White "Iordachescu, Viorel"]
[Black "Meldrum, Andrew"]
[Result "1/2-1/2"]
[WhiteElo "2435"]
[BlackElo "2120"]
[EventDate "1994.09.03"]
[PlyCount "66"]

1.e4 e6 2.d3 d5 3.Nd2 Nf6 4.Ngf3 Be7 5.g3 dxe4 6.dxe4 b6 7.e5 Nfd7 8.Bg2 
Bb7 9.O-O a5 10.Qe2 Qc8 11.Ne4 Na6 12.Rd1 Nac5 13.Nxc5 Bxc5 14.Bf4 h6 15.
Rd2 Bc6 16.Rad1 Qb7 17.Ne1 Bxg2 18.Nxg2 Rd8 19.Qg4 g5 20.Be3 Be7 21.f4 h5 
22.Qe2 g4 23.Nh4 Qc6 24.f5 Nxe5 25.Rxd8+ Bxd8 26.Rxd8+ Kxd8 27.Bg5+ Kc8 
28.Qxe5 Re8 29.Ng2 Qxc2 30.Ne3 Qc1+ 31.Kg2 Qd2+ 32.Kg1 Qe1+ 33.Kg2 Qe2+ 
1/2-1/2

[Event "33rd World U20 ch"]
[Site "Matinhos BRA"]
[Date "1994.09.??"]
[Round "2"]
[White "Vitor, Antonio"]
[Black "Barria Zuniga, Daniel"]
[Result "1/2-1/2"]
[WhiteElo "2195"]
[BlackElo "2340"]
[EventDate "1994.09.03"]
[PlyCount "48"]

1.Nf3 Nf6 2.b3 g6 3.Bb2 Bg7 4.c4 O-O 5.Nc3 d6 6.d4 c5 7.g3 cxd4 8.Nxd4 Nc6
9.Nxc6 bxc6 10.Bg2 Bb7 11.O-O Qc7 12.Rc1 c5 13.Qd3 Bxg2 14.Kxg2 Qc6+ 15.
Qf3 Qxf3+ 16.Kxf3 Rfd8 17.Rc2 Kf8 18.Rd1 Ne8 19.Nb5 Bxb2 20.Rxb2 a6 21.Nc3
Rab8 22.Rbd2 e6 23.e4 Ke7 24.e5 f6 1/2-1/2

[Event "33rd World U20 ch"]
[Site "Matinhos BRA"]
[Date "1994.09.??"]
[Round "2"]
[White "Dominguez Diaz, Mauricio"]
[Black "Escobedo Tinajero, Alberto"]
[Result "0-1"]
[WhiteElo "2085"]
[BlackElo "2325"]
[EventDate "1994.09.03"]
[PlyCount "77"]

1.e4 e6 2.d4 d5 3.exd5 exd5 4.Bd3 Bd6 5.Ne2 Nf6 6.Bf4 O-O 7.O-O Re8 8.Bg3 
Nc6 9.c3 Ne4 10.Bxd6 Qxd6 11.Na3 Qh6 12.Nb5 Re7 13.Bxe4 dxe4 14.d5 Ne5 15.
d6 cxd6 16.Qxd6 Qxd6 17.Nxd6 Nd3 18.b3 g6 19.c4 Bd7 20.Rad1 Bc6 21.Nd4 Rd8
22.Nxc6 bxc6 23.c5 Nxc5 24.Nf5 Red7 25.Ne7+ Kg7 26.Rxd7 Rxd7 27.Nxc6 Rd2 
28.b4 Nd3 29.a4 f5 30.b5 f4 31.Nd4 Nc5 32.Nc6 e3 33.fxe3 fxe3 34.Ne5 Nxa4 
35.Re1 e2 36.Kf2 Nc3 37.Ke3 Rb2 38.Kd3 Rxb5 39.Kxc3 0-1

[Event "33rd World U20 ch"]
[Site "Matinhos BRA"]
[Date "1994.09.??"]
[Round "2"]
[White "Pelletier, Yannick"]
[Black "Russo, Guilherme"]
[Result "1-0"]
[WhiteElo "2350"]
[BlackElo "2010"]
[EventDate "1994.09.03"]
[PlyCount "73"]

1.d4 d5 2.c4 c6 3.Nf3 Nf6 4.Nc3 dxc4 5.a4 Bf5 6.Ne5 e6 7.f3 Bb4 8.e4 Bxe4 
9.fxe4 Nxe4 10.Bd2 Qxd4 11.Nxe4 Qxe4+ 12.Qe2 Bxd2+ 13.Kxd2 Qd5+ 14.Kc3 Na6
15.Nxc4 O-O-O 16.Qe3 Kb8 17.Be2 Qxg2 18.Rhg1 Qxh2 19.Rxg7 Nc7 20.Kb3 Nd5 
21.Qe5+ Qxe5 22.Nxe5 f6 23.Nd7+ Kc8 24.Nc5 Nc7 25.Bc4 Rd6 26.a5 h5 27.Rag1
b6 28.Na6 Rd7 29.Rxd7 Kxd7 30.Rg7+ Kd6 31.Rxc7 h4 32.axb6 axb6 33.Be2 h3 
34.Bf3 c5 35.Rc6+ Ke5 36.Rxb6 h2 37.Bh1 1-0

[Event "33rd World U20 ch"]
[Site "Matinhos BRA"]
[Date "1994.09.??"]
[Round "3"]
[White "Oratovsky, Michael"]
[Black "Jaracz, Pawel"]
[Result "1-0"]
[WhiteElo "2520"]
[BlackElo "2415"]
[EventDate "1994.09.03"]
[PlyCount "97"]

1.e4 e6 2.d3 d5 3.Nd2 c5 4.g3 Nc6 5.Bg2 Nf6 6.Ngf3 Be7 7.O-O b6 8.Re1 Qc7 
9.c3 Ba6 10.exd5 Nxd5 11.Nc4 O-O 12.a4 Rfe8 13.Qe2 Rad8 14.h4 Bf8 15.h5 f6
16.Nh4 Qd7 17.Bd2 Nc7 18.Be4 Ne7 19.Be3 f5 20.Bg2 Qxd3 21.Qxd3 Rxd3 22.Ne5
Rdd8 23.c4 Rc8 24.b3 Na8 25.Bf3 Rc7 26.Bf4 Bb7 27.Rad1 Nc8 28.Bxb7 Rxb7 
29.Nc6 Rf7 30.Nd8 Rfe7 31.Bg5 Rc7 32.Nxe6 Rf7 33.Nd8 Rxe1+ 34.Rxe1 Rd7 35.
Nxf5 g6 36.hxg6 hxg6 37.Nh4 Be7 38.Nc6 Bxg5 39.Re8+ Kg7 40.Rxc8 Nc7 41.Ne5
Rd1+ 42.Kg2 Ne6 43.Nhxg6 Rb1 44.Rc6 Nd4 45.Rc7+ Kf6 46.f4 Bh6 47.Ne7 Bf8 
48.Nd5+ Ke6 49.Rf7 1-0

[Event "33rd World U20 ch"]
[Site "Matinhos BRA"]
[Date "1994.09.??"]
[Round "3"]
[White "Barria Zuniga, Daniel"]
[Black "Spangenberg, Hugo"]
[Result "0-1"]
[WhiteElo "2340"]
[BlackElo "2530"]
[EventDate "1994.09.03"]
[PlyCount "108"]

1.e4 c5 2.Nf3 e6 3.d4 cxd4 4.Nxd4 a6 5.Bd3 Bc5 6.Nb3 Ba7 7.Qe2 Nc6 8.Be3 
d6 9.N1d2 Nf6 10.O-O e5 11.c4 O-O 12.Rac1 Bxe3 13.Qxe3 b6 14.Rfd1 Nd7 15.
Na1 a5 16.Nc2 Nc5 17.Nb3 a4 18.Nd2 Ra7 19.b4 axb3 20.axb3 Be6 21.Ra1 Rc7 
22.Be2 f5 23.b4 f4 24.Qc3 Nd7 25.Nf3 Qe7 26.Qd3 Nf6 27.Qxd6 Nxe4 28.Qxe7 
Rxe7 29.Ra3 Bg4 30.h3 Bh5 31.Kf1 Bg6 32.b5 Na5 33.Nb4 Nf6 34.Rd6 Bf7 35.
Nd5 Nxd5 36.cxd5 Rb8 37.Rc3 h6 38.Ke1 Kf8 39.Nd2 e4 40.Kd1 Re5 41.Bg4 Rxd5
42.Rxd5 Bxd5 43.g3 fxg3 44.Rxg3 Nb7 45.f3 e3 46.Nf1 e2+ 47.Kxe2 Bc4+ 48.
Kf2 Bxb5 49.Ne3 Nc5 50.Rg1 Bd3 51.Nd5 b5 52.Ke3 b4 53.Rc1 b3 54.Rxc5 b2 
0-1

[Event "33rd World U20 ch"]
[Site "Matinhos BRA"]
[Date "1994.09.??"]
[Round "3"]
[White "Georgiev, Vladimir"]
[Black "Vescovi, Giovanni"]
[Result "1/2-1/2"]
[WhiteElo "2400"]
[BlackElo "2455"]
[EventDate "1994.09.03"]
[PlyCount "57"]

1.e4 c5 2.Nf3 d6 3.d4 cxd4 4.Nxd4 Nf6 5.Nc3 g6 6.g3 Nc6 7.Nde2 Bg7 8.Bg2 
O-O 9.O-O Rb8 10.a4 a6 11.Nd5 Nd7 12.c3 b5 13.axb5 axb5 14.Nd4 Nde5 15.Bg5
h6 16.Be3 e6 17.Nb4 Nxb4 18.cxb4 Bd7 19.b3 h5 20.h3 Nc6 21.Nxc6 Bxc6 22.
Ra6 Qc8 23.Ra5 Rd8 24.Qc2 Qd7 25.Rd1 d5 26.Ra7 Qe8 27.Bf4 Rb7 28.Ra6 Rc8 
29.e5 1/2-1/2